Průzkum možností diverzifikace biopotravin na čs. trhu z pozice spotřebitele.

Reakcie spotrebiteľov na prienik biopotravín na trh ČSFR testované formou ankety. Metodika prieskumu. Vzťah príjmov, pohlavia, vzdelania, typu rodiny respondentov k ochote nakupovať biopotraviny. Očakávaný vývoj výdavkov domácností za potraviny. Požiadavky spotrebiteľov na kvalitatívne znaky biopotr...

Descripción completa

Guardado en:
Detalles Bibliográficos
Autor principal: Mihulka, S.
Otros Autores: Pexiederová, E.
Formato: Capítulo de libro
Lenguaje:checo
Materias:
Etiquetas: Agregar Etiqueta
Sin Etiquetas, Sea el primero en etiquetar este registro!

MARC

LEADER 00000naa a2200000 4500
001 r008503
005 20220831091135.4
041 0 |a cze 
044 |a [CS] 
245 1 0 |a Průzkum možností diverzifikace biopotravin na čs. trhu z pozice spotřebitele.  |c S. Mihulka, E. Pexiederová 
520 |a Reakcie spotrebiteľov na prienik biopotravín na trh ČSFR testované formou ankety. Metodika prieskumu. Vzťah príjmov, pohlavia, vzdelania, typu rodiny respondentov k ochote nakupovať biopotraviny. Očakávaný vývoj výdavkov domácností za potraviny. Požiadavky spotrebiteľov na kvalitatívne znaky biopotravín, spôsoby ich distribúcie a maximálne zvýšenie ceny akceptovateľné voči konvenčným potravinám. 
610 2 0 |a potraviny 
610 2 0 |a biologizácia 
610 2 0 |a trh vnútorný 
610 2 0 |a ČSFR 
610 2 0 |a diverzifikácia 
610 2 0 |a ankety 
610 2 0 |a prieskum spotrebiteľský 
610 2 0 |a údaje štatistické 
100 1 |a Mihulka, S. 
700 1 |a Pexiederová, E.